000 03850cam a2200457 i 4500
001 901104701
003 OCoLC
005 20180819112826.0
008 150127t20162016paua b 001 0 eng
010 _a2015003583
020 _a9780803640290
_qhardback
020 _a0803640293
_qhardback
020 _z9780803642089
_qelectronic bk
020 _z0803642083
_qelectronic bk
020 _z9781118333105
_qelectronic bk
020 _z1118333101
_qelectronic bk
035 _a.b38647394
035 _a(OCoLC)901104701
_z(OCoLC)882271971
040 _aDNLM/DLC
_beng
_erda
_cDLC
_dNLM
_dSDB
_dOCLCO
_dYDXCP
_dOCLCF
_dMMU
042 _apcc
050 1 0 _aRM301
_b.C515 2016
060 0 0 _a2015 E-865
060 1 0 _aWB 330
_bC568p 2016
082 0 0 _a615.1
_223
_bCCP
100 1 _aCiccone, Charles D.,
_d1953-
_eauthor
_964377
245 1 0 _aPharmacology in rehabilitation /
_cCharles D. Ciccone, PT, Phd, FAPTA, Professor, Department of Physical Therapy, School of Health Sciences and Human Performance, Ithaca College, Ithaca, New York
250 _aFifth edition
300 _axxvii, 706 pages :
_billustrations (some color) ;
_c26 cm
490 1 _aContemporary perspectives in rehabilitation
504 _aIncludes bibliographical references and index
505 0 _aSection 1. General principles of pharmacology -- Basic principles of pharmacology -- Pharmacokinetics I: drug administration, absorption, and distribution -- Pharmacokinetics II: drug elimination -- Drug receptors -- Section 2. Pharmacology of the central nervous system -- General principles of central nervous system -- Pharmacology -- Sedative-hypnotic and antianxiety drugs -- Drugs to treat affective disorders: depression and bipolar syndrome -- Antipsychotic drugs -- Antiepileptic drugs -- Pharmacological management of Parkinson disease -- General anesthetics -- Local anesthetics -- Section 3. Drugs affecting skeletal muscle -- Skeletal muscle relaxants -- Section 4. Drugs used to treat pain and inflammation -- Opioid analgesics -- Nonsteroidal anti-inflammatory drugs -- Pharmacological management of rheumatoid arthritis and osteoarthritis -- Patient-controlled analgesia -- Section 5. Autonomic and cardiovascular pharmacology -- Introduction to autonomic pharmacology -- Cholinergic drugs -- Adrenergic drugs -- Antihypertensive drugs -- Treatment of angina pectoris -- Treatment of cardiac arrhythmias -- Treatment of congestive heart failure -- Treatment of coagulation disorders and hyperlipidemia -- Section 6. Respiratory and gastrointestinal pharmacology -- Respiratory drugs -- Gastrointestinal drugs -- Section 7. Endocrine pharmacology -- Introduction to endocrine pharmacology -- Adrenocorticosteroids -- Male and female hormones -- Thyroid and parathyroid drugs: agents affecting bone mineralization -- Pancreatic hormones and the treatment of diabetes mellitus -- Section 8. Chemotherapy of infectious and neoplastic diseases -- Treatment of infections I: antibacterial drugs -- Treatment of infections II: antiviral drugs -- Treatment of infections III: antifungal and antiparasitic drugs -- Cancer chemotherapy -- Immunomodulating agents -- Complementary and alternative medications -- Appendix A: drugs administered by iontophoresis and phonophoresis -- Appendix B : drugs of Abuse -- Appendix C : answers to case study questions
650 0 _aPharmacology
_964378
650 0 _aMedical rehabilitation
_964379
650 1 2 _aDrug Therapy
_964380
650 2 2 _aPharmacokinetics
_919073
650 2 2 _aPharmacological Phenomena
_911503
650 2 2 _aRehabilitation
_964381
776 0 8 _iOnline version:
_aCiccone, Charles D., 1953-
_tPharmacology in rehabilitation.
_bFifth edition.
_dPhiladelphia, PA : F.A. Davis Company, [2016]
_w(OCoLC)907255727
830 0 _aContemporary perspectives in rehabilitation (Series)
_964382
942 _2ddc
_cBOOK
999 _c42641
_d312261